Представление документа в формате MARC21

ПолеНазваниеЗначение
  Тип записи a
  Библиографический уровень m
001 Контрольный номер RU\infra-m\znanium\bibl\2236031
005 Дата корректировки 20260429142147.0
008 Кодируемые данные 260120s2025 RU g rus u
020 Индекс ISBN __
a ISBN 978-5-9614-7750-4
040 Источник каталогиз. __
a Служба первич. каталог. Общество с ограниченной ответственностью «ЗНАНИУМ»
041 Код языка издания __
a Код языка текста rus
044 Код страны публикации __
a Код страны публикации RU
080 Индекс УДК __
a Индекс УДК 370
084 Индекс другой классификации/Индекс ББК __
2 Источник индекса rubbk
a Индекс другой классификации/Индекс ББК 749
084 Индекс другой классификации/Индекс ББК __
2 Источник индекса okso
a Индекс другой классификации/Индекс ББК 44.03.01
100 Автор __
a Автор Медведева Т.
q Полное имя Медведева Таня
245 Заглавие __
a Заглавие Хочу учиться! Вызываем интерес к учебе по методу STEAM
b Продолж. заглавия Практическое пособие
250 Сведения об издании __
a Основные сведения об издании 1
260 Выходные данные __
a Место издания Москва
b Издательство ООО "Альпина Паблишер"
c Дата издания 2026
300 Физическое описание __
a Объем 224 с.
520 Аннотация __
a Аннотация Первая книга нарусском языке про STEAM! Но что такое STEAM? S - Science - наука T - Technology - технологии E - Engineering - инженерное дело A - Art - искусство M - Maths— математика. Книга посвящена всем кто хочет учиться с удовольствием делать акцент напрактике а не теории владеть навыками XXI века атакже быть востребованным специалистом не только сейчас но и как минимум в ближайшие несколько десятилетий. Читать родителям чтобы: узнать о новом подходе в образовании получить готовые инструменты которые можно применять здесь и сейчас разобраться какие навыки важно развивать человеку XXI века и как это делать. Преподавателям чтобы: сделать уроки более эффективными иувлекательными научиться быстро проектировать собственные STEAM-активности получить пошаговые руководства иготовые образовательные решения. Таня Медведева - эксперт STEAM-образования автор книг про науку для детей популяризатор науки и создатель научной онлайн-школы для детей а также мама двоих дочерей. Рассказывает о науке легко и увлекательно а также помогает детям (ивзрослым) по-новому взглянуть наобучение наукам и полюбить их.
521 Примеч. о цел. назн. __
a Примеч. о целев. назн. Дополнительное образование детей
650 Тематические рубрики __
a Основная рубрика Педагогика. Образование
x Основная подрубрика Общая педагогика
655 Указ. предметных рубрик (устаревшее) __
a Жанр/ форма (устаревшее) Практическое пособие
856 Электронный адрес документа 4_
a Имя сервера/домена znanium.ru
m Помощь ebs_support@infra-m.ru
n Местонахождение сервера НИЦ ИНФРА-М
u URL https://znanium.ru/catalog/document?id=474045
856 Электронный адрес документа 48
a Имя сервера/домена znanium.ru
d Путь /cover/2236
f Электронное имя 2236031.jpg
q Тип электронного формата image/jpeg
u URL https://znanium.ru/cover/2236/2236031.jpg
911 __
u 0030=https://znanium.ru/catalog/document?id=474045